Kannada rangabhumiya parvatavani: (Record no. 87407)
[ view plain ]
| 000 -LEADER | |
|---|---|
| fixed length control field | 00668nam a2200205Ia 4500 |
| 003 - CONTROL NUMBER IDENTIFIER | |
| control field | OSt |
| 005 - DATE AND TIME OF LATEST TRANSACTION | |
| control field | 20240810123015.0 |
| 008 - FIXED-LENGTH DATA ELEMENTS--GENERAL INFORMATION | |
| fixed length control field | 210210b1985 xxu||||| |||| 00| 0 eng d |
| 040 ## - CATALOGING SOURCE | |
| Transcribing agency | AL |
| 041 ## - LANGUAGE CODE | |
| Language code of text/sound track or separate title | kan |
| 082 ## - DEWEY DECIMAL CLASSIFICATION NUMBER | |
| Classification number | K894.209 SHEK |
| 100 ## - MAIN ENTRY--PERSONAL NAME | |
| Personal name | SHESHAGIRIRAV (L S): ಶೇಷಗಿರಿರಾವ್ (ಎಲ್ ಎಸ್) Ed |
| 9 (RLIN) | 176374 |
| 245 ## - TITLE STATEMENT | |
| Title | Kannada rangabhumiya parvatavani: |
| Remainder of title | ಕನ್ನಡ ರಂಗಭೂಮಿಯ ಪರ್ವತವಾಣಿ |
| 260 ## - PUBLICATION, DISTRIBUTION, ETC. | |
| Place of publication, distribution, etc. | Dharavada |
| Name of publisher, distributor, etc. | Ananya Prakashana |
| Date of publication, distribution, etc. | 1985 |
| 300 ## - PHYSICAL DESCRIPTION | |
| Extent | 168 |
| 650 ## - SUBJECT ADDED ENTRY--TOPICAL TERM | |
| Topical term or geographic name entry element | Parvatavani Kannada Rangabhumi |
| 9 (RLIN) | 176375 |
| 690 ## - LOCAL SUBJECT ADDED ENTRY--TOPICAL TERM (OCLC, RLIN) | |
| Topical term or geographic name as entry element | Kannada Drama Criticism |
| 9 (RLIN) | 176376 |
| 906 ## - LOCAL DATA ELEMENT F, LDF (RLIN) | |
| a | 037512 |
| 942 ## - ADDED ENTRY ELEMENTS (KOHA) | |
| Source of classification or shelving scheme | Dewey Decimal Classification |
| Koha item type | Book |
| Withdrawn status | Lost status | Source of classification or shelving scheme | Damaged status | Not for loan | Collection code | Home library | Current library | Date acquired | Cost, normal purchase price | Total Checkouts | Full call number | Barcode | Date last seen | Price effective from | Koha item type |
|---|---|---|---|---|---|---|---|---|---|---|---|---|---|---|---|
| Dewey Decimal Classification | Kannada | St Aloysius Library | St Aloysius Library | 02/17/2021 | 20.00 | K894.209 SHEK | 037512 | 02/17/2021 | 02/17/2021 | Book |